<?xml version="1.0" encoding="UTF-8"?><record xmlns="http://www.loc.gov/MARC21/slim" xmlns:zs="http://docs.oasis-open.org/ns/search-ws/sruResponse">
  <leader>03085cfm a2200601 a 4500</leader>
  <controlfield tag="001">5527202</controlfield>
  <controlfield tag="005">20250607184055.6</controlfield>
  <controlfield tag="007">aj|canzn</controlfield>
  <controlfield tag="007">cr |||||||||||</controlfield>
  <controlfield tag="008">920520s1883    dcud      a     0 e jpno </controlfield>
  <datafield ind1=" " ind2=" " tag="035">
    <subfield code="a">5527202</subfield>
  </datafield>
  <datafield ind1=" " ind2=" " tag="906">
    <subfield code="a">7</subfield>
    <subfield code="b">cbc</subfield>
    <subfield code="c">origcop</subfield>
    <subfield code="d">u</subfield>
    <subfield code="e">ncip</subfield>
    <subfield code="f">19</subfield>
    <subfield code="g">y-geogmaps</subfield>
  </datafield>
  <datafield ind1=" " ind2=" " tag="955">
    <subfield code="a">ga04; ga11 2004-12-14</subfield>
  </datafield>
  <datafield ind1=" " ind2=" " tag="955">
    <subfield code="a">LCAP batch update 2025-06-02-04:00: LCAPM-779, LCAPM-893</subfield>
  </datafield>
  <datafield ind1=" " ind2=" " tag="010">
    <subfield code="a">   92682876 </subfield>
  </datafield>
  <datafield ind1="1" ind2=" " tag="034">
    <subfield code="a">a</subfield>
    <subfield code="b">100000</subfield>
    <subfield code="d">E1140000</subfield>
    <subfield code="e">E1163000</subfield>
    <subfield code="f">N0395500</subfield>
    <subfield code="g">N0304500</subfield>
  </datafield>
  <datafield ind1=" " ind2=" " tag="035">
    <subfield code="9">(DLC)   92682876</subfield>
  </datafield>
  <datafield ind1=" " ind2=" " tag="040">
    <subfield code="a">DLC</subfield>
    <subfield code="c">DLC</subfield>
    <subfield code="d">DLC</subfield>
  </datafield>
  <datafield ind1="0" ind2=" " tag="041">
    <subfield code="a">jpn</subfield>
    <subfield code="a">chi</subfield>
  </datafield>
  <datafield ind1="0" ind2="0" tag="050">
    <subfield code="a">G7821.P2 1883</subfield>
    <subfield code="b">.O3</subfield>
    <subfield code="u">Vault</subfield>
  </datafield>
  <datafield ind1=" " ind2=" " tag="052">
    <subfield code="a">7821</subfield>
  </datafield>
  <datafield ind1=" " ind2=" " tag="052">
    <subfield code="a">7824</subfield>
    <subfield code="b">P4</subfield>
    <subfield code="b">W8</subfield>
  </datafield>
  <datafield ind1="1" ind2=" " tag="100">
    <subfield code="a">Oda, Shintaro.</subfield>
  </datafield>
  <datafield ind1="1" ind2="0" tag="245">
    <subfield code="a">Pekin yori Kankō ni itaru /</subfield>
    <subfield code="c">Oda Shintaro.</subfield>
  </datafield>
  <datafield ind1="3" ind2=" " tag="246">
    <subfield code="a">Cong Beijing zhi Hankou</subfield>
  </datafield>
  <datafield ind1="3" ind2=" " tag="246">
    <subfield code="a">Cong Beijing dao Hankou</subfield>
  </datafield>
  <datafield ind1="1" ind2=" " tag="246">
    <subfield code="i">Title in alternate readings (Chinese):</subfield>
    <subfield code="a">Cong Beijing dao Hankou lu shang tu</subfield>
  </datafield>
  <datafield ind1=" " ind2=" " tag="255">
    <subfield code="a">Scale [1:100,000]</subfield>
    <subfield code="c">(E 114⁰00ʹ--E 116⁰30ʹ/N 39⁰55ʹ--N 30⁰45ʹ).</subfield>
  </datafield>
  <datafield ind1=" " ind2=" " tag="260">
    <subfield code="c">Meiji 16 [1883]</subfield>
  </datafield>
  <datafield ind1=" " ind2=" " tag="300">
    <subfield code="a">11 ms. map on 14 sheets :</subfield>
    <subfield code="b">col. ;</subfield>
    <subfield code="c">512 x 93 cm., sheets 76 x 105 cm. or smaller.</subfield>
  </datafield>
  <datafield ind1=" " ind2=" " tag="336">
    <subfield code="a">cartographic image</subfield>
    <subfield code="b">cri</subfield>
    <subfield code="2">rdacontent</subfield>
  </datafield>
  <datafield ind1=" " ind2=" " tag="337">
    <subfield code="a">unmediated</subfield>
    <subfield code="b">n</subfield>
    <subfield code="2">rdamedia</subfield>
  </datafield>
  <datafield ind1=" " ind2=" " tag="338">
    <subfield code="a">sheet</subfield>
    <subfield code="b">nb</subfield>
    <subfield code="2">rdacarrier</subfield>
  </datafield>
  <datafield ind1=" " ind2=" " tag="500">
    <subfield code="a">Shows road from Beijing to Hankou (present Wuhan). Covers five provinces in Eastern China: Hebei, Shandong, Henan, Anhui, and Hubei.</subfield>
  </datafield>
  <datafield ind1=" " ind2=" " tag="500">
    <subfield code="a">Relief shown by hachures.</subfield>
  </datafield>
  <datafield ind1=" " ind2=" " tag="500">
    <subfield code="a">Each section of road separately titled (drawn on one or two sheets).</subfield>
  </datafield>
  <datafield ind1=" " ind2=" " tag="500">
    <subfield code="a">Accompanying materials: 3 sheets ; 69 cm. or smaller. Two sheets show cities of Guangping Fu, Zhangde Fu, and Kaifeng Fu, Henan Province. Another sheet shows ill. and notes of animals and wagons used as transportation vehicles and ill. of farm tools.</subfield>
  </datafield>
  <datafield ind1="0" ind2=" " tag="505">
    <subfield code="a">[1] Cong Beijing zhi Zhili Anzhou -- [2] Cong Zhili Gaoyang Xian zhi tong Jizhou (Shuijing) -- [3] Cong Zhili Xinhe Xian zhi tong Handan Xian [4] Cong Zhili Cizhou zhi Henan Weihui Fu [5] Cong Henan Weihui Fu zhi tong Xuzhou Fu [6] Cong Henan Xuzhou Fu zhi tong Runing Fu [7] Cong Henan Runing Fu zhi tong Luoshan Xian [8] Cong Henan Luoshan Xian zhi Hubei Hankou [9] Fu cheng zhi lüe tu [10] Henan Kaifeng Fu cheng shi jie zhi tu [11] Yun shu che ji non ju zhi xie jing.</subfield>
  </datafield>
  <datafield ind1=" " ind2=" " tag="530">
    <subfield code="a">Available also through the Library of Congress Web site as a raster image.</subfield>
  </datafield>
  <datafield ind1=" " ind2="0" tag="650">
    <subfield code="a">Roads</subfield>
    <subfield code="z">China</subfield>
    <subfield code="v">Maps.</subfield>
  </datafield>
  <datafield ind1=" " ind2="0" tag="651">
    <subfield code="a">China</subfield>
    <subfield code="v">Maps, Manuscript.</subfield>
  </datafield>
  <datafield ind1=" " ind2="0" tag="651">
    <subfield code="a">Beijing (China)</subfield>
    <subfield code="v">Maps, Manuscript.</subfield>
  </datafield>
  <datafield ind1=" " ind2="0" tag="651">
    <subfield code="a">Wuhan (China)</subfield>
    <subfield code="v">Maps, Manuscript.</subfield>
  </datafield>
  <datafield ind1=" " ind2="7" tag="655">
    <subfield code="a">Maps.</subfield>
    <subfield code="2">lcgft</subfield>
    <subfield code="0">https://id.loc.gov/authorities/genreForms/gf2011026387</subfield>
  </datafield>
  <datafield ind1=" " ind2=" " tag="662">
    <subfield code="a">China.</subfield>
    <subfield code="2">naf</subfield>
  </datafield>
  <datafield ind1=" " ind2=" " tag="662">
    <subfield code="a">China</subfield>
    <subfield code="d">Beijing.</subfield>
    <subfield code="2">naf</subfield>
  </datafield>
  <datafield ind1=" " ind2=" " tag="662">
    <subfield code="a">China</subfield>
    <subfield code="d">Wuhan.</subfield>
    <subfield code="2">naf</subfield>
  </datafield>
  <datafield ind1="0" ind2=" " tag="852">
    <subfield code="a">Library of Congress</subfield>
    <subfield code="b">Geography and Map Division</subfield>
    <subfield code="e">Washington, D.C. 20540-4650 USA</subfield>
    <subfield code="n">dcu</subfield>
  </datafield>
  <datafield ind1="4" ind2="1" tag="856">
    <subfield code="d">g7821pm</subfield>
    <subfield code="f">gct00321</subfield>
    <subfield code="u">http://hdl.loc.gov/loc.gmd/g7821pm.gct00321</subfield>
    <subfield code="q">c</subfield>
  </datafield>
  <datafield ind1=" " ind2=" " tag="952">
    <subfield code="a">ARP</subfield>
  </datafield>
  <datafield ind1=" " ind2=" " tag="985">
    <subfield code="a">GMD/CT</subfield>
    <subfield code="e">ammem</subfield>
  </datafield>
  <datafield ind1=" " ind2=" " tag="985">
    <subfield code="a">GMD/TRNSMAP</subfield>
    <subfield code="e">a mmem</subfield>
    <subfield code="h">20131112</subfield>
  </datafield>
  <datafield ind1=" " ind2=" " tag="991">
    <subfield code="b">c-G&amp;M</subfield>
    <subfield code="h">G7821.P2 1883</subfield>
    <subfield code="i">.O3</subfield>
    <subfield code="t">Copy 1</subfield>
    <subfield code="m">Vault</subfield>
    <subfield code="w">MAPS</subfield>
  </datafield>
</record>
